Công nghệ phần mềm

Tổng quan về công nghệ phần mền; Các hoạt động về quản lí dự án, khảo sát hiện trạng, thiết kế ứng dụng, ngôn ngữ lập trình, kiểm tra, đảm bảo chất lượng, bảo trì, quản lí, thu thập dữ liệu và đấu thầu phần mền......

Deskribapen osoa

Gorde:
Xehetasun bibliografikoak
Egile nagusia: Lê, Đức Trung
Formatua: Liburua
Hizkuntza:Undetermined
Argitaratua: Hà Nội Khoa học và Kỹ thuật 2005
Gaiak:
Etiketak: Etiketa erantsi
Etiketarik gabe, Izan zaitez lehena erregistro honi etiketa jartzen!
Thư viện lưu trữ: Trung tâm Học liệu Trường Đại học Cần Thơ
LEADER 00923nam a2200205Ia 4500
001 CTU_101283
008 210402s9999 xx 000 0 und d
020 |c 42000 
082 |a 005.1 
082 |b Tr513 
100 |a Lê, Đức Trung 
245 0 |a Công nghệ phần mềm 
245 0 |c Lê Đức Trung 
260 |a Hà Nội 
260 |b Khoa học và Kỹ thuật 
260 |c 2005 
520 |a Tổng quan về công nghệ phần mền; Các hoạt động về quản lí dự án, khảo sát hiện trạng, thiết kế ứng dụng, ngôn ngữ lập trình, kiểm tra, đảm bảo chất lượng, bảo trì, quản lí, thu thập dữ liệu và đấu thầu phần mền... 
650 |a Programming languages,Software engineering 
904 |i Hiếu 
980 |a Trung tâm Học liệu Trường Đại học Cần Thơ